| 000 | 00973nam a2200277 a 4500 | ||
|---|---|---|---|
| 001 | 000030934 | ||
| 003 | DO-SdBNP | ||
| 005 | 20180213125408.0 | ||
| 007 | 000030934 | ||
| 008 | 110414s2008 dr c 000 0dspa d | ||
| 040 |
_aBPMET _bspa _cBPMET |
||
| 245 | 0 | 0 |
_aIdeario de Duarte / _ccompilado y anotado por Vertilio Alfau Durán. |
| 250 | _a25ª ed. | ||
| 260 |
_aSanto Domingo : _bInstituto Duartiano, _c2013 |
||
| 300 |
_a38 p. : _bil., retrs. ; _c21 cm. |
||
| 600 | 1 | 4 |
_aDUARTE Y DIEZ, JUAN PABLO, _d1813-1876 _xPENSAMIENTO POLÍTICO |
| 651 | 4 |
_aREPÚBLICA DOMINICANA _xHISTORIA _y1844-1930 _xFUENTES |
|
| 700 | 1 |
_aAlfau Durán, Vetilio, _d1905-1985, _ecomp. |
|
| 910 | _aValidado. Control de calidad EMS. | ||
| 930 | 1 |
_lBND01 _mLF1 _820110608 _f01 _pHD _g25668 |
|
| 942 |
_2ddc _cBK |
||
| 945 | _ainventariado, 2018 / dg | ||
| 956 |
_aDGARCIA _b10 _c20110608 _lBND01 _h0834 |
||
| 956 |
_aVMATEO _b10 _c20110608 _lBND01 _h0855 |
||
| 956 |
_aEMARRERO _b40 _c20110610 _lBND01 _h1455 |
||
| 999 |
_c7394 _d7394 |
||